• 首页
  • 本馆介绍
  • 公告通知
  • 最新文献
  • 馆藏检索
  • 电子资源
  • 读者导购
  • 参考咨询
  • 我的图书馆
  • 登录
  • 详细信息显示
  • 放入我的书架
  • 预约/预借图书
  • 作者相关作品
  • 分类相关作品
  • 丛书相关作品
  • 出版社相关作品

书目信息

  • 表格格式
  • 工作单格式
  • 卡片格式
题名:
盒式收录音机修理100例
    
 
作者: 程新生 编著
分册:  
出版信息: 北京   知识出版社  1984
页数: 204页
开本: 19cm
丛书名:
单 册:
中图分类: TN912.22 , TN646
科图分类:
主题词: 收录两用机--维修 , 电声器件
电子资源:
ISBN:
000 00697nam0 2200265 45
001 0184016251
005 20040518090823.3
010    @dCNY0.78
091    @a13214.28
100    @a19950628d1984 em y0chiy0121 ea
101 0  @achi
102    @aCN@b110000
105    @ay z 000yy
106    @ar
200 10 @a盒式收录音机修理100例@Ahe shi shou lu yin ji xiu li 100 li@f程新生编著
210    @a北京@c知识出版社@d1984
215    @a204页@d19cm
606    @a收录两用机@x维修
606 0  @a电声器件
690    @aTN912.22@v3 
690    @aTN646
701  0 @a程新生@Acheng xin sheng@4编著
801  0 @aCN@b上海图书馆@c20040518
801  2 @aCN@bNLC@c20040518
905    @f1@b115274@dTN646@e26
    
    盒式收录音机修理100例/程新生编著.-北京:知识出版社,1984
    204页;19cm
    
    
    ISBN :CNY0.78
    
●
相关链接 在E读中查询图书 在五车中查询图书 在当当中查询图书 在豆瓣中查询图书


正题名:盒式收录音机修理100例     索取号:TN646/26         预约/预借

序号 登录号 条形码 馆藏地/架位号 状态 备注
1 0115274   001354313   第二样本阅览室/ [索取号:TN646/26] 在馆    
唐山师范学院图书馆 欢迎您!
大连网信软件有限公司© 版权所有